[Event "NOR-ch North Gp1"]
[Site "Alta"]
[Date "2022.06.04"]
[Round "3"]
[White "Hoifodt, Jakob Salen"]
[Black "Hansen, Ola"]
[Result "1/2-1/2"]
[WhiteElo "1341"]
[BlackElo "1514"]
[PlyCount "47"]
[EventDate "2022.06.03"]
[EventType "swiss"]
[EventRounds "6"]
[EventCountry "NOR"]
[SourceTitle "EXT 2024"]
[Source "ChessBase"]
[SourceDate "2023.10.10"]
[SourceVersion "1"]
[SourceVersionDate "2023.10.10"]
[SourceQuality "1"]

1. e4 d6 2. Bc4 Nf6 3. Nc3 c6 4. d3 Qa5 5. Bd2 Qc7 6. Nge2 e5 7. f3 Be7 8. Bb3 0-0 9. 0-0 Nbd7 10. f4 Nc5 11. fxe5 dxe5 12. Be3 Nxb3 13. axb3 Ng4 14. Qd2 Nxe3 15. Qxe3 b6 16. Na4 Bg4 17. Ng3 Qd6 18. Kh1 Qd4 19. Qf2 b5 20. Nc3 Bc5 21. Qxd4 Bxd4 22. Nf5 Bxf5 23. Rxf5 f6 24. Ra2 1/2-1/2

[Event "NOR-ch North Gp1"]
[Site "Alta"]
[Date "2022.06.03"]
[Round "1"]
[White "Harila, Rune"]
[Black "Hansen, Ola"]
[Result "1-0"]
[WhiteElo "1692"]
[BlackElo "1514"]
[PlyCount "121"]
[EventDate "2022.06.03"]
[EventType "swiss"]
[EventRounds "6"]
[EventCountry "NOR"]
[SourceTitle "EXT 2024"]
[Source "ChessBase"]
[SourceDate "2023.10.10"]
[SourceVersion "1"]
[SourceVersionDate "2023.10.10"]
[SourceQuality "1"]

1. d4 d6 2. e4 Nf6 3. Nc3 e5 4. dxe5 dxe5 5. Qxd8+ Kxd8 6. Bc4 Be6 7. Bxe6 fxe6 8. a3 a6 9. f3 Bd6 10. Be3 Ke7 11. Nh3 Nbd7 12. Nf2 Bc5 13. Bxc5+ Nxc5 14. b4 Ncd7 15. Nd3 Ne8 16. Nd1 Nd6 17. Ne3 Nf7 18. c4 Rhd8 19. Ke2 Nf8 20. Rhd1 Ng6 21. g3 b6 22. Ra2 h5 23. h4 c6 24. c5 bxc5 25. Nxc5 Rxd1 26. Nxd1 a5 27. Nc3 axb4 28. axb4 Rxa2+ 29. Nxa2 Kd6 30. Nc3 Nf8 31. Kd3 Nd7 32. Nb7+ Kc7 33. Na5 Nd6 34. Nc4 Nxc4 35. Kxc4 Kd6 36. Na4 Kc7 37. Nc5 Nb6+ 38. Kb3 Kd6 39. Nd3 Nd7 40. Ka4 Nb6+ 41. Kb3 Nd7 42. Nb2 g6 43. Nc4+ Kc7 44. Kc3 Kb7 45. Nd6+ Kc7 46. Ne8+ Kd8 47. Nd6 Kc7 48. Nf7 Kb6 49. Kc4 Kc7 50. Ng5 Kd6 51. g4 hxg4 52. fxg4 Ke7 53. Nh3 Kd6 54. h5 Ke7 55. h6 Nf6 56. Ng5 Kf8 57. Nxe6+ Kg8 58. Ng5 Nd7 59. Ne6 Nf6 60. Ng5 Nxg4 61. Kc5 1-0

[Event "Narvik Rallarsjakken A"]
[Site "Narvik"]
[Date "2014.04.04"]
[Round "2"]
[White "Hansen, Ola"]
[Black "Pettersen, Magnor"]
[Result "0-1"]
[WhiteElo "1698"]
[BlackElo "1706"]
[PlyCount "60"]
[EventDate "2014.04.04"]
[EventType "swiss"]
[EventRounds "5"]
[EventCountry "NOR"]
[SourceTitle "EXT 2024"]
[Source "ChessBase"]
[SourceDate "2023.10.10"]
[SourceVersion "1"]
[SourceVersionDate "2023.10.10"]
[SourceQuality "1"]

1. e4 c5 2. Nf3 d6 3. g3 Nc6 4. Bg2 Nf6 5. d3 Rb8 6. 0-0 e6 7. c3 Be7 8. Re1 Qc7 9. Nbd2 b5 10. Nf1 0-0 11. h4 a5 12. N1h2 b4 13. Ng5 h6 14. Nh3 bxc3 15. bxc3 e5 16. f4 Rd8 17. f5 d5 18. Qf3 dxe4 19. dxe4 Ba6 20. Ng4 Rd3 21. Nxf6+ Bxf6 22. Qg4 Rxc3 23. Bxh6 Rc2 24. Bxg7 Bxg7 25. f6 Kf8 26. Qxg7+ Ke8 27. Ng5 Rbb2 28. Bh3 Qd6 29. Qg8+ Qf8 30. Bd7+ Kxd7 0-1

[Event "Tromsoe NGP op"]
[Site "Tromsoe"]
[Date "2013.11.22"]
[Round "4"]
[White "Willumsen, Kaj Roger"]
[Black "Hansen, Ola"]
[Result "1/2-1/2"]
[WhiteElo "1755"]
[BlackElo "1719"]
[PlyCount "38"]
[EventDate "2013.11.22"]
[EventType "swiss"]
[EventRounds "5"]
[EventCountry "NOR"]
[SourceTitle "CBM 157 Extra"]
[Source "ChessBase"]
[SourceDate "2013.12.19"]
[SourceVersion "1"]
[SourceVersionDate "2013.12.19"]
[SourceQuality "1"]

1. e4 e5 2. Nf3 Qe7 3. Nc3 c6 4. d4 d6 5. dxe5 dxe5 6. Bg5 Nf6 7. Bc4 Bg4 8. 0-0 Nbd7 9. Qe2 g6 10. Rad1 Bg7 11. Rd2 0-0 12. Rfd1 Rad8 13. Qe3 Nb6 14. Bb3 Bxf3 15. Qxf3 Rxd2 16. Rxd2 Rd8 17. Qe2 Rxd2 18. Qxd2 Qd7 19. Qxd7 Nfxd7 1/2-1/2

[Event "NOR-chT lag"]
[Site "Tromsoe"]
[Date "2013.02.22"]
[Round "1"]
[White "Hansen, Ola"]
[Black "Kristensen, Kjell Ole"]
[Result "1/2-1/2"]
[WhiteElo "1410"]
[BlackElo "2028"]
[PlyCount "44"]
[EventDate "2013.02.22"]
[EventType "team-swiss"]
[EventRounds "5"]
[EventCountry "NOR"]
[SourceTitle "CBM 153 Extra"]
[Source "ChessBase"]
[SourceDate "2013.04.22"]
[SourceVersion "1"]
[SourceVersionDate "2013.04.22"]
[SourceQuality "1"]

1. e4 c5 2. Nc3 a6 3. g3 Nc6 4. Bg2 g6 5. Nf3 Bg7 6. 0-0 d6 7. d3 e6 8. Ne2 Nge7 9. c3 0-0 10. d4 b6 11. Bf4 d5 12. exd5 exd5 13. dxc5 bxc5 14. Qd2 Be6 15. Bh6 Rb8 16. Bxg7 Kxg7 17. b3 f6 18. Nf4 Bf7 19. Rfe1 Qd6 20. Qe2 Rfc8 21. Bh3 Re8 22. Qxa6 g5 1/2-1/2

[Event "Samfunnsalen Blabyen Grand Prix"]
[Site "Samfunnsalen"]
[Date "2012.09.07"]
[Round "3"]
[White "Hansen, Ola"]
[Black "Pettersen, Magnor"]
[Result "1/2-1/2"]
[WhiteElo "1778"]
[BlackElo "1721"]
[PlyCount "37"]
[EventDate "2012.09.07"]
[EventType "swiss"]
[EventRounds "5"]
[EventCountry "NOR"]
[SourceTitle "EXT 2024"]
[Source "ChessBase"]
[SourceDate "2023.10.10"]
[SourceVersion "1"]
[SourceVersionDate "2023.10.10"]
[SourceQuality "1"]

1. e4 c5 2. Nc3 Nc6 3. f4 g6 4. Nf3 Bg7 5. Bb5 Nd4 6. Bd3 e6 7. Nxd4 cxd4 8. Nb5 d6 9. c3 dxc3 10. bxc3 Ne7 11. Ba3 0-0 12. Nxd6 a6 13. Qe2 b5 14. Nxc8 Rxc8 15. 0-0 Re8 16. Bxe7 Rxe7 17. Rad1 Rd7 18. Bb1 Qb6+ 19. Kh1 1/2-1/2

[Event "Samfunnsalen Blabyen Grand Prix"]
[Site "Samfunnsalen"]
[Date "2012.09.07"]
[Round "5"]
[White "Hanssen, Johnny"]
[Black "Hansen, Ola"]
[Result "1-0"]
[WhiteElo "1886"]
[BlackElo "1778"]
[PlyCount "36"]
[EventDate "2012.09.07"]
[EventType "swiss"]
[EventRounds "5"]
[EventCountry "NOR"]
[SourceTitle "EXT 2024"]
[Source "ChessBase"]
[SourceDate "2023.10.10"]
[SourceVersion "1"]
[SourceVersionDate "2023.10.10"]
[SourceQuality "1"]

1. e4 d5 2. exd5 Nf6 3. d4 Bg4 4. Nf3 Qxd5 5. Be2 e6 6. 0-0 Bd6 7. h3 Bh5 8. c4 Qc6 9. Nc3 Qd7 10. c5 Be7 11. g4 Bg6 12. Ne5 Qd8 13. Bf3 c6 14. h4 h5 15. Nxg6 fxg6 16. g5 Nh7 17. Qd3 0-0 18. Bg2 Rf5 1-0

[Event "NOR-chT Nord"]
[Site "Tromsoe"]
[Date "2010.02.26"]
[Round "3"]
[White "Romsdal, Trond"]
[Black "Hansen, Ola"]
[Result "1-0"]
[WhiteElo "2198"]
[BlackElo "1897"]
[PlyCount "27"]
[EventDate "2010.02.26"]
[EventType "team-tourn"]
[EventRounds "5"]
[EventCountry "NOR"]
[SourceTitle "EXT 2012"]
[Source "ChessBase"]
[SourceDate "2011.11.24"]
[SourceVersion "1"]
[SourceVersionDate "2011.11.24"]
[SourceQuality "1"]

1. Nf3 d6 2. d4 Nf6 3. c4 g6 4. Nc3 Bg7 5. e4 0-0 6. Be2 c6 7. 0-0 Re8 8. Re1 Nbd7 9. e5 dxe5 10. dxe5 Ng4 11. e6 fxe6 12. Ng5 Ngf6 13. Nxe6 Qa5 14. Bf4 1-0

[Event "Bergen Grand Prix"]
[Site "Bergen"]
[Date "2009.11.28"]
[Round "3"]
[White "Johansen, Torbjorn Reidar"]
[Black "Hansen, Ola"]
[Result "1-0"]
[WhiteElo "1500"]
[BlackElo "1533"]
[PlyCount "63"]
[EventDate "2009.11.27"]
[EventType "swiss"]
[EventRounds "5"]
[EventCountry "NOR"]
[SourceTitle "EXT 2024"]
[Source "ChessBase"]
[SourceDate "2023.10.10"]
[SourceVersion "1"]
[SourceVersionDate "2023.10.10"]
[SourceQuality "1"]

1. e4 d5 2. exd5 Nf6 3. d4 Bg4 4. f3 Bc8 5. c4 e6 6. dxe6 Bb4+ 7. Bd2 Bxd2+ 8. Qxd2 0-0 9. exf7+ Rxf7 10. Bd3 Rd7 11. Ne2 g6 12. Nbc3 Nc6 13. d5 Ne5 14. 0-0 c6 15. Rad1 cxd5 16. cxd5 Qb6+ 17. Kh1 Nxd3 18. Qxd3 Qxb2 19. Qd4 Rf7 20. Rb1 Qa3 21. Ne4 Qe7 22. d6 Qf8 23. Nxf6+ Rxf6 24. d7 Bxd7 25. Qxd7 Rf7 26. Qd5 Rd8 27. Qb3 Rd2 28. Nc3 Kg7 29. Ne4 Re2 30. Ng5 Rfe7 31. Qd5 Qf4 32. Rxb7 1-0

[Event "NOR-chT lag"]
[Site "Tromsoe"]
[Date "2008.02.29"]
[Round "4"]
[White "Hansen, Ola"]
[Black "Johnsen, Kjell Magne"]
[Result "1/2-1/2"]
[WhiteElo "1551"]
[BlackElo "1899"]
[PlyCount "87"]
[EventDate "2008.02.29"]
[EventType "team-tourn"]
[EventRounds "5"]
[EventCountry "NOR"]
[SourceTitle "EXT 2010"]
[Source "ChessBase"]
[SourceDate "2010.11.25"]
[SourceVersion "1"]
[SourceVersionDate "2010.11.25"]
[SourceQuality "1"]

1. e4 g6 2. Nf3 Bg7 3. d3 c5 4. Nbd2 Nc6 5. g3 Nf6 6. Bg2 d6 7. 0-0 0-0 8. Re1 e5 9. Nf1 h6 10. c3 Ne8 11. h3 Nc7 12. Be3 Ne6 13. Qd2 Kh7 14. Nh4 Rb8 15. Nh2 b5 16. Rac1 Bd7 17. Ng4 h5 18. Nh2 Qe7 19. N4f3 b4 20. Nf1 bxc3 21. bxc3 Rb5 22. Qc2 Rfb8 23. Rb1 Qd8 24. Rxb5 Rxb5 25. Rb1 Ne7 26. Ng5+ Nxg5 27. Bxg5 f6 28. Bd2 Qb8 29. Rxb5 Qxb5 30. Ne3 Be6 31. Bf1 Qa5 32. c4 Qa6 33. Nd5 Qb7 34. Nxe7 Qxe7 35. Bg2 Bh6 36. Bxh6 Kxh6 37. Qd2+ Kg7 38. h4 Qc7 39. Kh2 Qb6 40. Bh3 Bxh3 41. Kxh3 Qb4 42. Qe2 Qb1 43. Kg2 a5 44. g4 1/2-1/2

[Event "Tromsoesjakken op"]
[Site "Tromsoe"]
[Date "2007.11.16"]
[Round "2"]
[White "Asvang, Jon Fredrik"]
[Black "Hansen, Ola"]
[Result "0-1"]
[WhiteElo "1525"]
[BlackElo "1553"]
[PlyCount "82"]
[EventDate "2007.11.16"]
[EventType "swiss"]
[EventRounds "5"]
[EventCountry "NOR"]
[SourceTitle "EXT 2010"]
[Source "ChessBase"]
[SourceDate "2010.11.25"]
[SourceVersion "1"]
[SourceVersionDate "2010.11.25"]
[SourceQuality "1"]

1. Nf3 g6 2. g3 Bg7 3. Bg2 e5 4. e4 Qe7 5. d3 d6 6. 0-0 Nf6 7. Re1 Nbd7 8. Nbd2 0-0 9. c3 c6 10. Nf1 b6 11. Bg5 h6 12. Bxf6 Nxf6 13. Qc2 Bg4 14. Ne3 Rad8 15. h4 Bc8 16. Nh2 h5 17. f4 exf4 18. gxf4 Ng4 19. Nhxg4 hxg4 20. h5 Qh4 21. hxg6 fxg6 22. Qb3+ Kh7 23. f5 g3 24. Kf1 Bh6 25. Ke2 Qf4 26. Kd1 d5 27. fxg6+ Kg7 28. Qc2 dxe4 29. d4 c5 30. d5 Bg4+ 31. Kc1 Bf3 32. b3 Rxd5 33. Kb2 Rd3 34. Bxf3 Qxf3 35. Nc4 Rfd8 36. Ne5 Rd2 37. Nxf3 exf3 38. Re7+ Kg8 39. Rh1 Rxc2+ 40. Kxc2 Rd2+ 41. Kc1 Rh2+ 0-1

[Event "Tromsoesjakken op"]
[Site "Tromsoe"]
[Date "2007.11.16"]
[Round "1"]
[White "Hansen, Ola"]
[Black "Pedersen, Oyvind"]
[Result "0-1"]
[WhiteElo "1553"]
[BlackElo "1939"]
[PlyCount "64"]
[EventDate "2007.11.16"]
[EventType "swiss"]
[EventRounds "5"]
[EventCountry "NOR"]
[SourceTitle "EXT 2010"]
[Source "ChessBase"]
[SourceDate "2010.11.25"]
[SourceVersion "1"]
[SourceVersionDate "2010.11.25"]
[SourceQuality "1"]

1. e4 c5 2. Nc3 d6 3. f4 Nf6 4. Nf3 Nc6 5. Bb5 Bd7 6. Bxc6 Bxc6 7. d3 g6 8. 0-0 Bg7 9. Qe1 0-0 10. Qh4 b5 11. f5 b4 12. Ne2 Re8 13. Bh6 e6 14. fxg6 fxg6 15. Ng5 Bh8 16. Bg7 Bxg7 17. Rxf6 h6 18. Rxg6 hxg5 19. Rxg5 Rf8 20. Rxg7+ Kxg7 21. Qg4+ Kh7 22. Qh5+ Kg7 23. Qg4+ Kf7 24. Rf1+ Ke8 25. Qxe6+ Qe7 26. Rxf8+ Kxf8 27. Qh6+ Ke8 28. Ng3 Bd7 29. Nh5 Kd8 30. Nf6 Bc6 31. Ng8 Qd7 32. Nf6 Qf7 0-1

[Event "Rallar op-A"]
[Site "Narvik"]
[Date "2007.04.21"]
[Round "3"]
[White "Hansen, Ola"]
[Black "Kristensen, Kjell Ole"]
[Result "0-1"]
[WhiteElo "1524"]
[BlackElo "1973"]
[PlyCount "68"]
[EventDate "2007.04.20"]
[EventType "swiss"]
[EventRounds "5"]
[EventCountry "NOR"]
[SourceTitle "EXT 2008"]
[Source "ChessBase"]
[SourceDate "2007.11.25"]
[SourceVersion "1"]
[SourceVersionDate "2007.11.25"]
[SourceQuality "1"]

1. e4 c5 2. Nf3 e6 3. d3 Nc6 4. Nbd2 d5 5. g3 Bd6 6. Bg2 Nge7 7. 0-0 0-0 8. Re1 b5 9. h4 h6 10. Nh2 f5 11. f4 Qb6 12. c3 Bd7 13. e5 Bc7 14. Nhf3 Rad8 15. Kh2 Be8 16. Nb3 d4 17. cxd4 c4 18. Nc5 Nxd4 19. Be3 Qxc5 20. Nxd4 Rxd4 21. Bxd4 Qxd4 22. dxc4 Qxb2 23. cxb5 Qxb5 24. Rb1 Qa5 25. Qb3 Bf7 26. Bf1 Nd5 27. Bc4 Rb8 28. Qc2 Rxb1 29. Rxb1 Ne3 30. Qe2 Nxc4 31. Qxc4 Qd2+ 32. Kh1 Kh7 33. Qb3 Qe2 34. Rc1 Bh5 0-1

[Event "Tromsoesjakken-A"]
[Site "Tromsoe"]
[Date "2006.11.17"]
[Round "5"]
[White "Hansen, Ola"]
[Black "Utnes, Peter Vedal"]
[Result "1/2-1/2"]
[WhiteElo "1543"]
[BlackElo "1356"]
[PlyCount "47"]
[EventDate "2006.11.17"]
[EventType "swiss"]
[EventRounds "5"]
[EventCountry "NOR"]
[SourceTitle "EXT 2008"]
[Source "ChessBase"]
[SourceDate "2007.11.25"]
[SourceVersion "1"]
[SourceVersionDate "2007.11.25"]
[SourceQuality "1"]

1. e4 c5 2. Nc3 d6 3. f4 Nc6 4. Bb5 Bd7 5. Bxc6 Bxc6 6. Nf3 e6 7. d3 Be7 8. 0-0 Nf6 9. Qe1 Qd7 10. Bd2 0-0-0 11. a4 h6 12. Nb5 Kb8 13. c4 Rdg8 14. e5 Ne8 15. b4 g5 16. exd6 Bxf3 17. Rxf3 g4 18. Rf1 Nxd6 19. Qe5 f6 20. Qxc5 Nxb5 21. Qxb5 Qxd3 22. Be1 Rc8 23. c5 Qxb5 24. axb5 1/2-1/2

[Event "Narvik CC-ch"]
[Site "Narvik"]
[Date "2006.10.19"]
[Round "5"]
[White "Rolvag, Birk Anders"]
[Black "Hansen, Ola"]
[Result "0-1"]
[WhiteElo "1278"]
[BlackElo "1543"]
[PlyCount "76"]
[EventDate "2006.09.07"]
[EventType "swiss"]
[EventRounds "7"]
[EventCountry "NOR"]
[SourceTitle "EXT 2008"]
[Source "ChessBase"]
[SourceDate "2007.11.25"]
[SourceVersion "1"]
[SourceVersionDate "2007.11.25"]
[SourceQuality "1"]

1. e4 g6 2. d4 Bg7 3. e5 d5 4. Nf3 c6 5. Bd3 Bg4 6. h3 Bxf3 7. Qxf3 e6 8. 0-0 h5 9. Na3 Nh6 10. Bxh6 Bxh6 11. c4 dxc4 12. Nxc4 Bf8 13. Rfd1 Be7 14. Bc2 Nd7 15. Qg3 Nb6 16. Nd6+ Bxd6 17. exd6 Qd7 18. Rd3 0-0-0 19. Rf3 Rh7 20. Re1 Qxd6 21. Qg5 Nd5 22. Bb3 Rd7 23. a4 Qe7 24. Qe5 Qd6 25. Qg5 Ne7 26. Rd3 Nf5 27. d5 exd5 28. Rc1 Kb8 29. Re1 Rh8 30. Qd2 Rhd8 31. a5 Re7 32. Ra1 Rde8 33. a6 b6 34. Rc1 Re2 35. Qc3 Ne7 36. Rf3 f5 37. Ba4 Rc8 38. Qg7 Qe6 0-1

[Event "Harstad op-A"]
[Site "Harstad"]
[Date "2006.10.15"]
[Round "5"]
[White "Zhuravlev, Sergey"]
[Black "Hansen, Ola"]
[Result "1-0"]
[WhiteElo "1936"]
[BlackElo "1543"]
[PlyCount "61"]
[EventDate "2006.10.13"]
[EventType "swiss"]
[EventRounds "5"]
[EventCountry "NOR"]
[SourceTitle "EXT 2008"]
[Source "ChessBase"]
[SourceDate "2007.11.25"]
[SourceVersion "1"]
[SourceVersionDate "2007.11.25"]
[SourceQuality "1"]

1. d4 c6 2. e3 d5 3. Bd3 g6 4. c4 Bg7 5. Nc3 dxc4 6. Bxc4 Nf6 7. Nf3 Nbd7 8. 0-0 Nb6 9. Bd3 Bg4 10. h3 Bxf3 11. Qxf3 0-0 12. Rd1 Qc7 13. e4 e5 14. dxe5 Qxe5 15. Be3 Rad8 16. a4 Rd7 17. a5 Nc8 18. Na4 Rfd8 19. Nc5 Re7 20. Bc4 Rde8 21. Bd4 Qh5 22. g4 Qh4 23. e5 Nd5 24. Ne4 Re6 25. Be3 f5 26. exf6 Rxe4 27. f7+ Kh8 28. fxe8Q+ Rxe8 29. Bxd5 cxd5 30. Rxd5 Rf8 31. Bg5 1-0

[Event "Harstad op-A"]
[Site "Harstad"]
[Date "2006.10.14"]
[Round "3"]
[White "Hansen, Ola"]
[Black "Remman, Frank"]
[Result "0-1"]
[WhiteElo "1543"]
[BlackElo "1747"]
[PlyCount "117"]
[EventDate "2006.10.13"]
[EventType "swiss"]
[EventRounds "5"]
[EventCountry "NOR"]
[SourceTitle "EXT 2008"]
[Source "ChessBase"]
[SourceDate "2007.11.25"]
[SourceVersion "1"]
[SourceVersionDate "2007.11.25"]
[SourceQuality "1"]

1. e4 c5 2. Nc3 Nc6 3. f4 g6 4. Nf3 Bg7 5. Bb5 Nd4 6. Bd3 e6 7. Nxd4 cxd4 8. Nb5 d6 9. c3 dxc3 10. bxc3 a6 11. Qa4 Kf8 12. Nxd6 Ne7 13. e5 Bd7 14. Qd4 Bc6 15. 0-0 h5 16. Ba3 Kg8 17. Be4 Qd7 18. Rab1 b5 19. Bxc6 Nxc6 20. Qe4 Rb8 21. d4 Bf8 22. d5 Ne7 23. dxe6 fxe6 24. Rf3 Nf5 25. Rbf1 Rh7 26. Rh3 Rb6 27. Qf3 Nxd6 28. exd6 Bxd6 29. Bxd6 Rxd6 30. Qg3 Rg7 31. Qg5 Rd5 32. Qg3 Rd2 33. Qe3 Rxa2 34. Re1 Kf7 35. Rg3 Rg8 36. Rg5 Re8 37. Qe5 Rd2 38. f5 Rd5 39. fxg6+ Kg8 40. Qf6 Qa7+ 41. Kh1 Rxg5 42. Qxg5 Qf2 43. Qe5 Rf8 44. Qxe6+ Kg7 45. h3 Rf6 46. Qe8 Rxg6 47. Re7+ Kh6 48. Qh8+ Kg5 49. Re5+ Kf4 50. Qf8+ Kg3 51. Qxf2+ Kxf2 52. Rxh5 Rc6 53. Rf5+ Ke2 54. Rf3 Rc4 55. Kh2 a5 56. g4 a4 57. Kg2 a3 58. g5 Ra4 59. g6 0-1

[Event "Rallar op"]
[Site "Narvik"]
[Date "2005.04.17"]
[Round "5"]
[White "Berntzen, Stein"]
[Black "Hansen, Ola"]
[Result "0-1"]
[WhiteElo "1537"]
[BlackElo "1490"]
[PlyCount "28"]
[EventDate "2005.04.15"]
[EventType "swiss"]
[EventRounds "5"]
[EventCountry "NOR"]
[SourceTitle "EXT 2007"]
[Source "ChessBase"]
[SourceDate "2006.11.23"]
[SourceVersion "1"]
[SourceVersionDate "2006.11.23"]
[SourceQuality "1"]

1. d4 c6 2. c4 g6 3. Nc3 Bg7 4. e4 d6 5. Be2 Nf6 6. Be3 0-0 7. g4 e5 8. g5 Nfd7 9. h4 Qb6 10. d5 Qxb2 11. Bd2 Qb6 12. h5 Nc5 13. hxg6 fxg6 14. Rb1 Nd3+ 0-1

[Event "Rallar op"]
[Site "Narvik"]
[Date "2005.04.16"]
[Round "3"]
[White "Hansen, Ola"]
[Black "Selnes, Odd Ketil"]
[Result "1-0"]
[WhiteElo "1490"]
[BlackElo "1402"]
[PlyCount "80"]
[EventDate "2005.04.15"]
[EventType "swiss"]
[EventRounds "5"]
[EventCountry "NOR"]
[SourceTitle "EXT 2007"]
[Source "ChessBase"]
[SourceDate "2006.11.23"]
[SourceVersion "1"]
[SourceVersionDate "2006.11.23"]
[SourceQuality "1"]

1. d4 d5 2. Bg5 g6 3. Nf3 Bg7 4. Qd2 h6 5. Bh4 Nf6 6. Bxf6 exf6 7. e3 Be6 8. b3 a5 9. Be2 Nd7 10. 0-0 0-0 11. c4 c6 12. Nc3 Nb6 13. c5 Nd7 14. Na4 f5 15. Rab1 Ra7 16. Rfc1 g5 17. Ne1 g4 18. Nd3 Nf6 19. Nf4 Ne4 20. Qc2 Qg5 21. g3 h5 22. Nc3 Bf6 23. Bf1 Kg7 24. Nxe4 fxe4 25. b4 axb4 26. Rxb4 Bc8 27. Rcb1 Bd8 28. Ra4 Rxa4 29. Qxa4 Bc7 30. Qc2 Rh8 31. Rb2 h4 32. Qd2 f5 33. Rxb7 Qd8 34. Rb2 hxg3 35. fxg3 Kf8 36. Ng6+ Kg7 37. Nxh8 Qxh8 38. Qg2 Kg6 39. h4 Qh6 40. Qf2 Bb8 1-0

[Event "Rallar op"]
[Site "Narvik"]
[Date "2005.04.16"]
[Round "2"]
[White "Moen, Steinar"]
[Black "Hansen, Ola"]
[Result "1-0"]
[WhiteElo "2118"]
[BlackElo "1490"]
[PlyCount "65"]
[EventDate "2005.04.15"]
[EventType "swiss"]
[EventRounds "5"]
[EventCountry "NOR"]
[SourceTitle "EXT 2007"]
[Source "ChessBase"]
[SourceDate "2006.11.23"]
[SourceVersion "1"]
[SourceVersionDate "2006.11.23"]
[SourceQuality "1"]

1. c4 e5 2. g3 Nc6 3. Bg2 f5 4. Nc3 Nf6 5. d3 Bb4 6. Bd2 0-0 7. Nh3 Bxc3 8. Bxc3 Qe8 9. Qd2 a6 10. 0-0 d6 11. f4 e4 12. e3 exd3 13. Nf2 Ne4 14. Qxd3 Nxc3 15. Qxc3 Qg6 16. Rad1 Be6 17. e4 fxe4 18. Nxe4 Rad8 19. Ng5 Bg4 20. Rde1 h6 21. Ne6 Bxe6 22. Rxe6 Qf5 23. Rfe1 Qc5+ 24. Kh1 Qd4 25. Qxd4 Nxd4 26. Re7 Nf5 27. Rxc7 Rfe8 28. Re4 Kf8 29. Kg1 g6 30. Kf2 d5 31. Rxe8+ Rxe8 32. Bxd5 Nd4 33. Rf7+ 1-0

[Event "Rallar op"]
[Site "Narvik"]
[Date "2005.04.15"]
[Round "1"]
[White "Hansen, Ola"]
[Black "Tollefsen, Vegard"]
[Result "0-1"]
[WhiteElo "1490"]
[BlackElo "1923"]
[PlyCount "112"]
[EventDate "2005.04.15"]
[EventType "swiss"]
[EventRounds "5"]
[EventCountry "NOR"]
[SourceTitle "EXT 2007"]
[Source "ChessBase"]
[SourceDate "2006.11.23"]
[SourceVersion "1"]
[SourceVersionDate "2006.11.23"]
[SourceQuality "1"]

1. e4 e5 2. Nf3 Nf6 3. Qe2 Nc6 4. c3 Bc5 5. b4 Bb6 6. b5 Nb8 7. Nxe5 Qe7 8. Nc4 Qxe4 9. Qxe4+ Nxe4 10. Nxb6 axb6 11. f3 Nf6 12. Bb2 d5 13. c4 Be6 14. Bxf6 gxf6 15. cxd5 Bxd5 16. Nc3 Be6 17. Be2 0-0 18. Kf2 Rd8 19. Ke3 Ra3 20. Bd1 c5 21. bxc6 bxc6 22. Bb3 b5 23. Bxe6 fxe6 24. Ke2 Nd7 25. Rhc1 Kf7 26. Rab1 Ne5 27. Rb3 Ra6 28. Rc2 Nc4 29. Ne4 f5 30. Nc5 Ra7 31. d3 Ne5 32. f4 Ng6 33. g3 Ne7 34. Rbb2 Rda8 35. Nb3 Rd7 36. Nc1 Rd5 37. Rd2 e5 38. fxe5 Rxe5+ 39. Kf2 Nd5 40. Re2 Kf6 41. Rbc2 Nb4 42. Rb2 Ra4 43. Rxe5 Kxe5 44. Ke3 c5 45. Nb3 Nd5+ 46. Kd2 c4 47. dxc4 bxc4 48. Nc5 c3+ 49. Kc2 Rc4 50. Rb5 Nb4+ 51. Kc1 Nxa2+ 52. Kc2 Nb4+ 53. Kc1 Kd6 54. Nd3 Nxd3+ 55. Kc2 Ne1+ 56. Kc1 c2 0-1

[Event "Narvik op"]
[Site "Narvik"]
[Date "2004.11.18"]
[Round "5"]
[White "Larsen, Andreas"]
[Black "Hansen, Ola"]
[Result "0-1"]
[WhiteElo "1522"]
[BlackElo "1472"]
[PlyCount "87"]
[EventDate "2004.09.02"]
[EventType "swiss"]
[EventRounds "6"]
[EventCountry "NOR"]
[SourceTitle "EXT 2007"]
[Source "ChessBase"]
[SourceDate "2006.11.23"]
[SourceVersion "1"]
[SourceVersionDate "2006.11.23"]
[SourceQuality "1"]

1. c4 g6 2. Nf3 Bg7 3. d4 b6 4. Nc3 e6 5. Bf4 d6 6. Qd2 Nd7 7. Bg5 f6 8. Bh4 Bb7 9. Bg3 Ne7 10. h4 Nf5 11. e4 Nxg3 12. fxg3 h5 13. Bd3 Bh6 14. Qe2 e5 15. d5 Nc5 16. Nh2 Nxd3+ 17. Qxd3 Qd7 18. Rf1 Rf8 19. b4 0-0-0 20. a4 f5 21. Nf3 fxe4 22. Nxe4 c6 23. Nc3 cxd5 24. cxd5 e4 25. Nxe4 Qf5 26. Kd1 Qxd5 27. Qxd5 Bxd5 28. Ned2 Bxd2 29. Kxd2 Bxf3 30. gxf3 Kd7 31. Rac1 Rc8 32. Kd3 Rxc1 33. Rxc1 Rxf3+ 34. Kd4 Rxg3 35. Rf1 Rg4+ 36. Kd5 Ke7 37. Rc1 Rxh4 38. Rc7+ Kf6 39. Rxa7 Rxb4 40. Kxd6 h4 41. Ra8 h3 42. Rf8+ Kg5 43. Rh8 Rxa4 44. Rxh3 0-1

[Event "Narvik op"]
[Site "Narvik"]
[Date "2004.10.14"]
[Round "3"]
[White "Rafnung, Skjalg"]
[Black "Hansen, Ola"]
[Result "1-0"]
[WhiteElo "1553"]
[BlackElo "1472"]
[PlyCount "37"]
[EventDate "2004.09.02"]
[EventType "swiss"]
[EventRounds "6"]
[EventCountry "NOR"]
[SourceTitle "EXT 2007"]
[Source "ChessBase"]
[SourceDate "2006.11.23"]
[SourceVersion "1"]
[SourceVersionDate "2006.11.23"]
[SourceQuality "1"]

1. e4 g6 2. f4 c6 3. Nf3 d5 4. Ne5 Bg7 5. exd5 Bxe5 6. fxe5 Qxd5 7. d4 Qe4+ 8. Be2 Qxg2 9. Bf3 Qh3 10. Bf4 Qh4+ 11. Bg3 Qg5 12. Nc3 h5 13. Qe2 Bg4 14. Rf1 Bxf3 15. Rxf3 e6 16. Ne4 Qg4 17. Nd6+ Kd7 18. Rxf7+ Ne7 19. Qf2 1-0

[Event "Tromsoesjakken op"]
[Site "Tromsoe"]
[Date "2003.11.30"]
[Round "6"]
[White "Pedersen, Johnny Karl"]
[Black "Hansen, Ola"]
[Result "0-1"]
[WhiteElo "1308"]
[BlackElo "1473"]
[PlyCount "88"]
[EventDate "2003.11.28"]
[EventType "swiss"]
[EventRounds "6"]
[EventCountry "NOR"]
[SourceTitle "EXT 2009"]
[Source "ChessBase"]
[SourceDate "2008.11.26"]
[SourceVersion "1"]
[SourceVersionDate "2008.11.26"]
[SourceQuality "1"]

1. c4 e5 2. Nc3 Nc6 3. Nf3 f5 4. e4 fxe4 5. Nxe4 Nf6 6. Ng3 Bc5 7. Ng5 d6 8. N5e4 Nxe4 9. Nxe4 Bd4 10. Qh5+ g6 11. Qf3 Rf8 12. Qg3 Bf5 13. Ng5 h6 14. Nf3 Qe7 15. d3 g5 16. Be3 Bxb2 17. Rb1 Bc3+ 18. Bd2 Bxd2+ 19. Nxd2 e4 20. Rxb7 0-0-0 21. Rb2 exd3+ 22. Kd1 Qf6 23. Rb1 Qc3 24. Rc1 Qa3 25. Nb3 Qxa2 26. Rc3 Nb4 27. Bxd3 Bxd3 28. Rxd3 Rxf2 29. Rd2 Rxd2+ 30. Nxd2 Qa1+ 31. Ke2 Re8+ 32. Kf3 Qxh1 33. Qg4+ Kd8 34. Qd4 Qd1+ 35. Kg3 Re2 36. Qf6+ Kc8 37. Qf8+ Kb7 38. Qf3+ Nc6 39. Nb3 Qe1+ 40. Kg4 Re4+ 41. Kh5 Qe2 42. c5 Rh4+ 43. Kg6 Qxf3 44. gxf3 Rxh2 0-1